রাজাকারের মন / (Record no. 1408)
[ view plain ]
| 000 -LEADER | |
|---|---|
| fixed length control field | 00671nam a22002297a 4500 |
| 001 - CONTROL NUMBER | |
| JCCL Control Number | 1408 |
| 003 - CONTROL NUMBER IDENTIFIER | |
| JCCL marc code | BD-JhCC |
| 005 - DATE AND TIME OF LATEST TRANSACTION | |
| control field | 20171018202003.0 |
| 008 - FIXED-LENGTH DATA ELEMENTS--GENERAL INFORMATION | |
| fixed length control field | 171018s2000 bg ||||| ||a| 00| 0 ben d |
| 020 ## - INTERNATIONAL STANDARD BOOK NUMBER | |
| International Standard Book Number | 9844101778 |
| 035 ## - SYSTEM CONTROL NUMBER | |
| system control number | (BD-JhCC)1408 |
| 040 ## - CATALOGING SOURCE | |
| Original cataloging agency | BD-JhCC |
| Modifying agency | BD-JhCC |
| 041 ## - LANGUAGE CODE | |
| Language code of Book | ben |
| 082 ## - DEWEY DECIMAL CLASSIFICATION NUMBER | |
| Classification number | 954.9205 |
| Author mark and Year | MAM 2000 |
| 100 ## - MAIN ENTRY--PERSONAL NAME | |
| Personal name | মুনতাসির, মামুন |
| 245 ## - TITLE STATEMENT | |
| Title | রাজাকারের মন / |
| Statement of responsibility, etc | মামুন মুনতাসির |
| 260 ## - PUBLICATION, DISTRIBUTION, ETC. (IMPRINT) | |
| Place of publication, distribution, etc | ঢাকা : |
| Name of publisher, distributor, etc | মাওলা ব্রাদার্স, |
| Date of publication, distribution, etc | 2000. |
| 300 ## - PHYSICAL DESCRIPTION | |
| Pagination | 445 p. : |
| Dimensions | 22 cm. |
| 650 ## - SUBJECT ADDED ENTRY--TOPICAL TERM | |
| Topical term or geographic name as entry element | History of Liberation |
| 942 ## - ADDED ENTRY ELEMENTS (KOHA) | |
| Source of classification or shelving scheme | Dewey Decimal Classification |
| Koha item type | Books |
| Source of classification or shelving scheme | Damaged status | Not for loan | Home library | Current library | Date of accession | Cost, normal purchase price | Total Checkouts | Full call number | Barcode | Date last seen | Copy number | Koha item type | Shelving location |
|---|---|---|---|---|---|---|---|---|---|---|---|---|---|
| Dewey Decimal Classification | JCC Rouf Library | JCC Rouf Library | 10/18/2017 | 200.00 | 954.9205 MAM 2000 | 2466 | 10/18/2017 | C-1 | Books | ||||
| Dewey Decimal Classification | JCC Rouf Library | JCC Rouf Library | 02/07/2018 | 150.00 | 954.9205 MAM 2000 | 9822 | 02/07/2018 | C - 2 | Books | General Stacks | |||
| Dewey Decimal Classification | JCC Rouf Library | JCC Rouf Library | 02/07/2018 | 250.00 | 954.9205 MAM 2000 | 9821 | 02/07/2018 | C-3 | Books | General Stacks |